Представление документа в формате MARC21

Поле Инд. ПП Название Значение
Тип записи a
Библиографический уровень b
001 Контрольный номер 3b01ab01b63d402c9078731ff3ebde28
005 Дата корректировки 20250109151602.1
080 a Индекс УДК 81’23
097 b Оператор *Плё*
100 1_ a Автор Кравчук Е.Э.
245 10 a Заглавие Проблема восприятия текста в контексте лингвистических исследований
p Название части/ раздела Текст : электронный
b Продолж. заглавия статья
260 a Место издания Тверь
b Издательство ТвГТУ
c Дата издания 2024
520 0_ a Аннотация Описываются результаты психолингвистических экспериментов, которые проводились во второй половине ХХ – первой половине ХХI вв. и были направлены на выявление механизмов восприятия и понимания текста. Кроме того, приводятся примеры трех текстов, которые будут использованы в качестве материала для проведения психолингвистического эксперимента, направленного на выявление зависимости восприятия текста от разных способов изложения информации в нем. С опорой на положения диссертации О.И. Рыбаковой «Структура и типологическое описание военно-инженерных текстов» дается характеристика четырем способам изложения: описанию, повествованию, рассуждению и сообщению.
653 0_ a Ключевые слова Текст
a Ключевые слова Микротекст
a Ключевые слова Способ изложения
a Ключевые слова Описание
a Ключевые слова Повествование
a Ключевые слова Рассуждение
a Ключевые слова Сообщение
773 18 w Контрольный № источника c4e9939318e24bb2b11a4700379ef408
t Название источника Обучение иностранцев в вузе и на этапе довузовской подготовки: тенденции и инновации
d Место и дата издания Тверь : ТвГТУ, 2024
z ISBN 978-5-7995-1354-2
g Прочая информация С. 151-157
900 a Имя макрообъекта 001-000161815-000000000-0000-0000-01
901 t Тип документа a
950 a Редактор записи вш
951 i EL-ТГТУ? да